000 00316nam a22001337a 4500
008 181001b xxu||||| |||| 00| 0 eng d
020 _a9780321161949
041 _aeng
080 _28 ED
_a510
100 _a37
101 _aMAT
245 _aMathematics For Elemtary Scool Teacher
_cLott.L
942 _2udc
_cBK
999 _c48714
_d48714